|
|
|
|
| LEADER |
00997nam a22002652a 4500 |
| 001 |
000800865 |
| 003 |
CZ BrMZK |
| 005 |
20150713133248.0 |
| 007 |
ta |
| 008 |
051207s1952 xr er|||||||||||cze d |
| 015 |
|
|
|a cnb000406226
|
| 035 |
|
|
|a (OCoLC)85174895
|
| 040 |
|
|
|a BOA001
|b cze
|
| 041 |
1 |
|
|a cze
|h rus
|
| 100 |
1 |
|
|a Sverdlov, Grigorij Markovič,
|d 1898-1965
|7 jx20050524025
|4 aut
|
| 245 |
1 |
0 |
|a Manželství a rozvod /
|c G.M. Sverdlov ; z ruštiny přeložili Vlasta Šulíková, Vladimír Šimůnek
|
| 250 |
|
|
|a 1. vydání
|
| 260 |
|
|
|a Praha :
|b Orbis,
|c 1952
|
| 300 |
|
|
|a 163 s.
|
| 710 |
1 |
|
|a Československo.
|b Ministerstvo spravedlnosti.
|b Právnický ústav
|7 kn20050524015
|
| 910 |
|
|
|a BOA001
|b PK-0003.211
|b 2-0295.561
|
| 964 |
|
|
|a Právo rodinné - SSSR - úvody
|
| 990 |
|
|
|a BK
|
| 996 |
6 |
|
|b 2619875525
|c 2-0295.561
|l MZK
|r Sklad / do 24 hodin
|n 23
|w 000800865
|u 000030
|a 1
|e BOA001
|j MZK50
|s P
|
| 996 |
7 |
|
|b 3119656029
|c PK-0003.211
|l MZK
|r Sklad / do 1 hodiny
|n 11
|w 000800865
|u 000010
|a 1
|e BOA001
|j MZK50
|s A
|